| 000 | 01606cam a2200445 a 4500 | ||
|---|---|---|---|
| 001 | 21576 | ||
| 003 | VRT | ||
| 005 | 20260305140136.0 | ||
| 008 | 240318s2010 xo a b 000 f slo | ||
| 015 | _aSNBA2011/02-00914 | ||
| 020 |
_a9788080643874 _q(viaz.) |
||
| 035 | _a5789401D-91E9-4618-AB47-D4AFFED40833 | ||
| 035 | _aurn:nbn:sk:snk-amjx2s | ||
| 035 | _aurn:nbn:sk:snk-am007xuk | ||
| 039 | 9 |
_a202403181757 _bVLOAD _c201909241154 _dAUTHORITY _c201808061019 _dVLOAD _c201511121709 _dVLOAD |
|
| 040 |
_aPPPK _bslo _cPPPK _dSNK _eAACR2 |
||
| 041 | 0 | _aslo | |
| 044 |
_axo _cSK |
||
| 072 | 7 |
_a821.162.4-3 _xSlovenská próza _2konspekt |
|
| 072 | 7 |
_a821-93 _xLiteratúra pre deti a mládež (beletria) _2konspekt |
|
| 080 |
_a821.162.4-34 _22001 |
||
| 080 |
_a821-93 _22001 |
||
| 100 | 1 |
_aDebnár, Štefan, _d1958- _4aut |
|
| 245 | 1 | 0 |
_aRozprávky z lesa _cŠtefan Debnár ; ilustroval Ján Vrabec |
| 250 | _a[1. vyd.] | ||
| 260 |
_aŽilina _bKnižné centrum _cc2010 |
||
| 300 |
_a30 s. _bfareb. ilustr. _c31 cm |
||
| 655 | 7 |
_aslovenské rozprávky _2SNKPH |
|
| 655 | 7 |
_apublikácie pre deti _2SNKPH |
|
| 655 | 7 |
_aSlovak fairy tales _2SNKPHeng |
|
| 655 | 7 |
_aChildren's literature _2SNKPHeng |
|
| 700 | 1 |
_aVrabec, Ján, _d1959- _4ill |
|
| 942 |
_2ddc _cKLDE _n0 |
||
| 949 |
_6270001000364401 _asvkbbC 54371 _bsvkbbm 713744 |
||
| 949 |
_617A0682386 _asnkSB 80611 _bsnk2010/27361 _o2697/10 _s6100:20140925 |
||
| 949 |
_617A0682387 _asnkSB 80611 D1 _bsnk2010/27363 _o2697/10 |
||
| 949 |
_62889174798 _asavukPV 15110 _bsavuk2011/3738 |
||
| 949 |
_6273K0527935 _asvkpoD 2807 _bsvkpo536839 |
||
| 980 | _a821.162.4-34 | ||
| 999 |
_c21576 _d21576 |
||